[Event "IND-ch U15"]
[Site "Mumbai"]
[Date "2009.11.02"]
[Round "4"]
[White "Vidit, Santosh Gujrathi"]
[Black "Ram, Gupta"]
[Result "1-0"]
[WhiteElo "2459"]
[BlackElo "1976"]
[PlyCount "65"]
[EventDate "2009.11.01"]
[EventType "swiss"]
[EventRounds "11"]
[EventCountry "IND"]
[SourceTitle "EXT 2011"]
[Source "ChessBase"]
[SourceDate "2010.11.26"]
[SourceVersion "1"]
[SourceVersionDate "2010.11.26"]
[SourceQuality "1"]

1. d4 Nf6 2. Nf3 e6 3. c4 Bb4+ 4. Nc3 c5 5. g3 cxd4 6. Nxd4 Ne4 7. Qd3 Qa5 8. Nb3 Nxc3 9. Bd2 Ne4 10. Qxe4 Bxd2+ 11. Nxd2 Nc6 12. Bg2 0-0 13. Qe3 d5 14. 0-0 d4 15. Qd3 Rd8 16. a3 Ne5 17. b4 Nxd3 18. bxa5 Nc5 19. Rab1 Rb8 20. Ne4 Nxe4 21. Bxe4 e5 22. c5 f5 23. c6 fxe4 24. c7 Bd7 25. Rxb7 Rbc8 26. cxd8Q+ Rxd8 27. Rfb1 d3 28. Rb8 Rxb8 29. Rxb8+ Kf7 30. exd3 exd3 31. Kf1 a6 32. Ke1 Bb5 33. Rxb5 1-0

[Event "Mumbai Mayors Cup 1st"]
[Site "Mumbai"]
[Date "2008.05.15"]
[Round "6"]
[White "Neelakantan, Narayanan"]
[Black "Ram, Gupta"]
[Result "0-1"]
[WhiteElo "2160"]
[BlackElo "1917"]
[PlyCount "78"]
[EventDate "2008.05.11"]
[EventType "swiss"]
[EventRounds "11"]
[EventCountry "IND"]
[SourceTitle "CBM 124 Extra"]
[Source "ChessBase"]
[SourceDate "2008.07.03"]
[SourceVersion "1"]
[SourceVersionDate "2008.07.03"]
[SourceQuality "1"]

1. e4 c5 2. d4 cxd4 3. c3 d3 4. Bxd3 d6 5. Nf3 Nd7 6. 0-0 Ngf6 7. Qe2 a6 8. c4 b6 9. Nc3 e6 10. Nd4 Bb7 11. b3 Be7 12. Bb2 0-0 13. f4 Qc7 14. Rae1 Ne8 15. e5 dxe5 16. fxe5 Rd8 17. Nf3 g6 18. h4 Bxf3 19. Rxf3 Bxh4 20. g3 Be7 21. Bc2 Nb8 22. Kg2 Nc6 23. Ne4 Nd4 24. Bxd4 Rxd4 25. Nf6+ Nxf6 26. exf6 Bb4 27. Rd1 Rxd1 28. Qxd1 Rd8 29. Rd3 Rxd3 30. Bxd3 Qc6+ 31. Kh2 e5 32. Qf1 Bc3 33. Qc1 Bd4 34. Qa3 Qxf6 35. Qxa6 Qf3 36. c5 Bxc5 37. Bc4 Bf2 38. Qc8+ Kg7 39. Kh3 e4 0-1